Personnages principaux de Code lyoko - Statistiques

Statistiques générales
  • Ce quiz a été pris 871 fois
  • Le résultat moyen est 8 sur 10
Statistiques - réponses
Indice Réponse % Correct
Eventail Yumi
97%
Bizarre Odd
94%
Rose Aelita
92%
Geek Jérémie
91%
Beau brun Ulrich
91%
Antagoniste Xana
86%
Badass William
81%
Sportif Jim
74%
Peste (surnom) Sissi
73%
Génie Franz
51%
Aucun quiz correspondant
Distribution des résultats
% des personnes avec chaque résultat
Percentile par nombre de réponses
Votre historique - résultats
Vous n’avez pas pris ce quiz